[Event "Dutch Open-ch 2019"]
[Site "Dieren"]
[Date "2019.07.25"]
[Round "3.11"]
[White "Neelotpal, Das"]
[Black "Konings, Frans"]
[Result "1/2-1/2"]
[WhiteElo "2406"]
[BlackElo "2208"]
[Annotator "NA"]
[PlyCount "180"]
[EventDate "2019.07.23"]
[EventType "swiss"]
[EventCountry "NED"]
[SourceTitle "playchess.com"]
[Source "ChessBase"]
[SourceQuality "1"]
[TimeControl "40/5400+30:1800+30"]

1. e4 {[%emt 0:06:52]} e5 {[%emt 0:00:08]} 2. Nf3 {[%emt 0:00:04]} Nc6 {[%emt 0:00:08]} 3. Bb5 {[%emt 0:00:47]} a6 {[%emt 0:00:06]} 4. Ba4 {[%emt 0:00:02]} Nf6 {[%emt 0:00:06]} 5. d3 {[%emt 0:00:03]} b5 {[%emt 0:00:34]} 6. Bb3 {[%emt 0:00:04]} Be7 {[%emt 0:00:25]} 7. O-O {[%emt 0:01:05]} d6 {[%emt 0:00:18]} 8. a3 {[%emt 0:00:19]} O-O {[%emt 0:01:50]} 9. Re1 {[%emt 0:00:17]} Na5 {[%emt 0:02:17]} 10. Ba2 {[%emt 0:00:08]} c5 {[%emt 0:00:05]} 11. Nc3 {[%emt 0:01:23]} Be6 {[%emt 0:01:56]} 12. Ne2 {[%emt 0:04:12]} Bxa2 {[%emt 0:01:04]} 13. Rxa2 {[%emt 0:00:03]} Ne8 {[%emt 0:00:28]} 14. Ng3 {[%emt 0:08:55]} g6 {[%emt 0:06:04]} 15. Bd2 {[%emt 0:04:19]} Nc6 {[%emt 0:01:30]} 16. c3 {[%emt 0:03:00]} Bf6 {[%emt 0:05:37]} 17. a4 {[%emt 0:04:00]} Nc7 {[%emt 0:01:16]} 18. Qe2 {[%emt 0:04:57]} Qc8 {[%emt 0:05:42]} 19. Bh6 {[%emt 0:03:09]} Re8 {[%emt 0:00:53]} 20. h3 {[%emt 0:00:29]} Qe6 {[%emt 0:05:19]} 21. Raa1 {[%emt 0:00:35]} bxa4 {[%emt 0:00:46]} 22. Rxa4 {[%emt 0:06:15]} Reb8 {[%emt 0:00:31]} 23. Rea1 {[%emt 0:01:12]} Rb7 {[%emt 0:04:36]} 24. Nf1 {[%emt 0:01:21]} Rab8 {[%emt 0:01:09]} 25. Bc1 {[%emt 0:00:26]} h5 {[%emt 0:05:13]} 26. Ne3 {[%emt 0:02:09]} Ne7 {[%emt 0:02:19]} 27. Nc4 {[%emt 0:05:03]} Nc6 {[%emt 0:03:11]} 28. Ne3 {[%emt 0:11:31]} Ne7 {[%emt 0:00:20]} 29. Nd2 {[%emt 0:00:51]} Bg5 {[%emt 0:03:27]} 30. Ndc4 {[%emt 0:00:06]} Bxe3 {[%emt 0:00:07]} 31. Qxe3 {[%emt 0:02:31]} Nc6 {[%emt 0:00:56]} 32. Qf3 {[%emt 0:07:25]} Rd8 {[%emt 0:04:41]} 33. Bg5 {[%emt 0:01:47]} Rd7 {[%emt 0:07:11]} 34. Ne3 {[%emt 0:00:10]} Nb8 {[%emt 0:03:22]} 35. g4 {[%emt 0:05:08]} Rxb2 {[%emt 0:04:28]} 36. gxh5 {[%emt 0:00:06]} Kh7 {[%emt 0:02:12]} 37. Ng4 {[%emt 0:02:40]} Ne8 {[%emt 0:00:18]} 38. hxg6+ {[%emt 0:02:33]} fxg6 {[%emt 0:03:15]} 39. Qg3 {[%emt 0:00:58]} Kg8 {[%emt 0:01:58]} 40. d4 {[%emt 0:02:18]} exd4 {[%emt 0:02:09]} 41. cxd4 {[%emt 0:30:08]} cxd4 {[%emt 0:42:38]} 42. Rxd4 {[%emt 0:02:01]} Nc6 {[%emt 0:00:05]} 43. Rd3 {[%emt 0:00:00]} Rdb7 {[%emt 0:00:00]} 44. Kh2 {[%emt 0:00:00]} Rb1 {[%emt 0:00:00]} 45. Rxa6 {[%emt 0:00:00]} Qxe4 {[%emt 0:00:00]} 46. Qf3 {[%emt 0:00:00]} Qxf3 {[%emt 0:00:00]} 47. Rxf3 {[%emt 0:00:00]} R1b6 {[%emt 0:00:00]} 48. Nh6+ {[%emt 0:03:16]} Kh7 {[%emt 0:00:00]} 49. Rxb6 {[%emt 0:00:17]} Rxb6 {[%emt 0:00:00]} 50. Rf7+ {[%emt 0:00:03]} Ng7 {[%emt 0:00:00]} 51. Ng4 {[%emt 0:01:14]} Kg8 {[%emt 0:00:00]} 52. Rc7 {[%emt 0:03:26]} Nh5 {[%emt 0:00:00]} 53. Ne3 {[%emt 0:04:01]} Ne5 {[%emt 0:00:00]} 54. Nd5 {[%emt 0:00:02]} Rb1 {[%emt 0:00:00]} 55. Kg2 {[%emt 0:00:22]} Rd1 {[%emt 0:00:00]} 56. Nf6+ {[%emt 0:01:20]} Nxf6 {[%emt 0:00:00]} 57. Bxf6 {[%emt 0:00:02]} Kf8 {[%emt 0:00:00]} 58. Bg5 {[%emt 0:00:42]} Nf7 {[%emt 0:00:00]} 59. Bc1 {[%emt 0:00:34]} Rd5 {[%emt 0:00:00]} 60. Bb2 {[%emt 0:00:33]} Ne5 {[%emt 0:00:00]} 61. Bc1 {[%emt 0:01:16]} Nf7 {[%emt 0:00:00]} 62. Kg3 {[%emt 0:00:06]} Ke8 {[%emt 0:00:00]} 63. Be3 {[%emt 0:00:10]} Rf5 {[%emt 0:00:00]} 64. Rc8+ {[%emt 0:00:45]} Kd7 {[%emt 0:00:00]} 65. Rg8 {[%emt 0:00:05]} Rf6 {[%emt 0:00:00]} 66. Rg7 {[%emt 0:00:20]} Ke8 {[%emt 0:00:00]} 67. Bd4 {[%emt 0:00:22]} Re6 {[%emt 0:00:00]} 68. Rg8+ {[%emt 0:00:08]} Ke7 {[%emt 0:00:00]} 69. Ra8 {[%emt 0:00:17]} Re4 {[%emt 0:00:33]} 70. Be3 {[%emt 0:00:48]} Re6 {[%emt 0:00:22]} 71. Kf4 {[%emt 0:01:08]} Kd7 {[%emt 0:01:30]} 72. Bd4 {[%emt 0:00:45]} Ke7 {[%emt 0:00:14]} 73. Ra7+ {[%emt 0:00:53]} Ke8 {[%emt 0:00:06]} 74. Ra8+ {[%emt 0:00:51]} Ke7 {[%emt 0:00:05]} 75. h4 {[%emt 0:00:08]} Kd7 {[%emt 0:00:06]} 76. Ra7+ {[%emt 0:00:50]} Ke8 {[%emt 0:00:05]} 77. h5 {[%emt 0:01:01]} gxh5 {[%emt 0:00:07]} 78. Kf5 {[%emt 0:00:03]} Re7 {[%emt 0:02:50]} 79. Ra8+ {[%emt 0:00:03]} Nd8 {[%emt 0:00:03]} 80. Bf6 {[%emt 0:00:26]} Rd7 {[%emt 0:00:08]} 81. Kg5 {[%emt 0:01:34]} d5 {[%emt 0:00:01]} 82. Kxh5 {[%emt 0:00:37]} d4 {[%emt 0:00:03]} 83. Kg4 {[%emt 0:00:52]} d3 {[%emt 0:00:05]} 84. Bxd8 {[%emt 0:00:24]} Rxd8 {[%emt 0:01:02]} 85. Rxd8+ {[%emt 0:00:14]} Kxd8 {[%emt 0:00:03]} 86. Kf3 {[%emt 0:00:02]} Ke7 {[%emt 0:00:04]} 87. Ke3 {[%emt 0:00:12]} Kf6 {[%emt 0:00:03]} 88. Kxd3 {[%emt 0:00:08]} Kf5 {[%emt 0:00:03]} 89. Ke3 {[%emt 0:00:18]} Ke5 {[%emt 0:00:05]} 90. Kf3 {[%emt 0:00:35]} Kf5 {[%emt 0:00:04]} 1/2-1/2

[Event "Dutch Open-ch 2019"]
[Site "Dieren"]
[Date "2019.07.25"]
[Round "3.12"]
[White "Dwarshuis, Arjan"]
[Black "Maatman, Nick"]
[Result "0-1"]
[WhiteElo "2091"]
[BlackElo "2407"]
[Annotator "TA"]
[PlyCount "78"]
[EventDate "2019.07.23"]
[EventType "swiss"]
[EventCountry "NED"]
[SourceTitle "playchess.com"]
[Source "ChessBase"]
[SourceQuality "1"]

{[%evp 9,78,15,39,27,24,8,8,8,15,28,26,28,41,47,41,3,0,0,114,118,115,112,105,79,77,40,83,42,45,42,35,20,19,20,32,38,50,60,87,82,83,89,81,63,56,18,33,14,23,0,7,0,25,10,10,10,10,9,77,0,0,0,0,-904,-885,-881,-841,-843,-689,-1066,-1045]} 1. c4 c5 2. Nf3 Nf6 3. Nc3 d5 4. cxd5 Nxd5 5. e3 Nxc3 6. dxc3 {A34: Symmetrical English: 2 Nc3, lines with ...d5} Qc7 7. Bc4 (7. e4 e6 8. Be3 Bd7 9. Nd2 Bc6 10. Qg4 Nd7 11. Qg3 O-O-O 12. Bf4 e5 13. Bg5 {½-½ (35) Svidler,P (2735)-Vachier Lagrave,M (2773) Karlsruhe/Baden Baden 2019}) 7... Nc6 8. e4 {The position is equal.} a6 $146 ({Predecessor:} 8... e6 9. O-O Bd6 10. Qe2 O-O 11. Re1 Ne5 12. Nxe5 Bxe5 13. g3 {½-½ (13) Matsenko,S (2533)-Xiong,J (2650) Irving 2018}) 9. O-O b5 10. Be2 e5 11. a4 Rb8 12. Ne1 Be6 13. f4 Qd8 (13... Rd8 $11 {keeps the balance.} 14. Qc2 Qb6) 14. Qxd8+ $16 Kxd8 15. axb5 axb5 16. f5 Bb3 17. Be3 Kc7 18. Nf3 f6 $1 19. Nd2 Bf7 $1 20. Rfc1 Be7 21. Ra6 Rhc8 22. Kf2 Kd7 23. g4 g5 24. h4 {[#] Threatens to win with hxg5.} h6 25. Rh1 Bg8 26. hxg5 hxg5 27. Rh6 {Hoping for Nf3.} c4 28. Ra1 Ra8 29. Rhh1 Rcb8 30. Rhb1 (30. Rab1 {seems wilder.} Na5 31. Rh6 Nb7 32. Rd1 Kc7 33. Rg6) 30... Bd8 31. Kf3 Rxa1 32. Rxa1 Bb6 33. Nf1 b4 (33... Bxe3 $11 34. Nxe3 Kd6) 34. cxb4 ({Better is} 34. Bxb6 $16 Rxb6 35. Ra8) 34... Bxe3 35. Nxe3 Rxb4 {[#] And now ...Nd4+ would win.} 36. Rc1 $2 {[%mdl 8192]} (36. Ra2 $11) 36... Nd4+ $19 {Black is clearly winning.} 37. Kf2 Rxb2 38. Re1 Kd6 39. Kf1 Kc5 {Accuracy: White = 40%, Black = 52%.} 0-1

[Event "Dutch Open-ch 2019"]
[Site "Dieren"]
[Date "2019.07.25"]
[Round "3.13"]
[White "Maris, Ivo"]
[Black "Van Baar, Esper"]
[Result "1-0"]
[WhiteElo "2399"]
[BlackElo "2108"]
[Annotator "NA"]
[PlyCount "65"]
[EventDate "2019.07.23"]
[EventType "swiss"]
[EventCountry "NED"]
[SourceTitle "playchess.com"]
[Source "ChessBase"]
[SourceQuality "1"]
[TimeControl "40/5400+30:1800+30"]

1. c4 {[%emt 0:05:05]} g6 {[%emt 0:00:00]} 2. g3 {[%emt 0:02:27]} Bg7 {[%emt 0:00:06]} 3. Bg2 {[%emt 0:00:04]} d6 {[%emt 0:00:26]} 4. Nc3 {[%emt 0:00:22]} c5 {[%emt 0:01:06]} 5. a3 {[%emt 0:03:11]} a5 {[%emt 0:08:18]} 6. Nf3 {[%emt 0:02:02]} Nc6 {[%emt 0:00:48]} 7. O-O {[%emt 0:00:46]} e5 {[%emt 0:00:56]} 8. e3 {[%emt 0:02:56]} Be6 {[%emt 0:02:59]} 9. Qb3 {[%emt 0:04:13]} Nge7 {[%emt 0:03:25]} 10. Ng5 {[%emt 0:08:11]} Bc8 {[%emt 0:02:29]} 11. Nb5 {[%emt 0:02:04]} Na7 {[%emt 0:28:05]} 12. Ne4 {[%emt 0:06:15]} Nxb5 {[%emt 0:00:22]} 13. Qxb5+ {[%emt 0:00:34]} Kf8 {[%emt 0:00:08]} 14. Qb3 {[%emt 0:01:20]} Nc6 {[%emt 0:02:28]} 15. f4 {[%emt 0:05:47]} f5 {[%emt 0:06:58]} 16. Nc3 {[%emt 0:04:53]} exf4 {[%emt 0:04:58]} 17. gxf4 {[%emt 0:03:56]} Kf7 {[%emt 0:01:43]} 18. Bd5+ {[%emt 0:02:08]} Kf8 {[%emt 0:00:54]} 19. Nb5 {[%emt 0:00:55]} Na7 {[%emt 0:03:24]} 20. Nc3 {[%emt 0:01:51]} Rb8 {[%emt 0:01:27]} 21. Ne2 {[%emt 0:02:30]} Bd7 {[%emt 0:02:21]} 22. d4 {[%emt 0:03:00]} Bc6 {[%emt 0:00:31]} 23. dxc5 {[%emt 0:01:27]} Bxd5 {[%emt 0:01:14]} 24. cxd5 {[%emt 0:00:10]} dxc5 {[%emt 0:00:05]} 25. a4 {[%emt 0:00:50]} Nc8 {[%emt 0:01:42]} 26. e4 {[%emt 0:03:51]} Ne7 {[%emt 0:06:00]} 27. Be3 {[%emt 0:01:49]} b6 {[%emt 0:00:09]} 28. Rad1 {[%emt 0:01:39]} fxe4 {[%emt 0:01:21]} 29. f5 {[%emt 0:00:04]} Nxf5 {[%emt 0:01:43]} 30. Nf4 {[%emt 0:02:54]} c4 {[%emt 0:07:27]} 31. Qxc4 {[%emt 0:02:58]} Nxe3 {[%emt 0:02:21]} 32. Qxe4 {[%emt 0:01:10]} Qg5+ {[%emt 0:00:44]} 33. Kh1 {[%emt 0:00:14]} 1-0

[Event "Dutch Open-ch 2019"]
[Site "Dieren"]
[Date "2019.07.25"]
[Round "3.14"]
[White "Zwirs, Jasper"]
[Black "Odendahl, Reiner"]
[Result "0-1"]
[WhiteElo "2110"]
[BlackElo "2352"]
[Annotator "TA"]
[PlyCount "176"]
[EventDate "2019.07.23"]
[EventType "swiss"]
[EventCountry "NED"]
[SourceTitle "playchess.com"]
[Source "ChessBase"]
[SourceQuality "1"]

{[%evp 9,176,30,50,40,36,37,33,30,41,-27,-28,-29,-17,-29,-35,-37,-21,-29,-22,-22,-11,-14,-21,-14,-31,-95,-84,-100,-93,-85,-64,-181,-172,-164,-164,-186,-188,-183,-178,-183,-182,-173,-179,-168,-172,-153,-157,-194,-187,-192,-192,-187,-166,-189,-152,-207,-206,-198,-166,-212,-184,-223,-212,-213,-173,-173,0,-210,-179,-171,-164,-224,-212,-225,-202,-246,-209,-270,-269,-258,-265,-264,-257,-320,-296,-456,-291,-373,-356,-467,-347,-500,-427,-540,-484,-471,-500,-500,-494,-491,-487,-472,-466,-499,-475,-640,-468,-472,-465,-1032,-1043,-1398,-587,-1230,-1139,-1561,-1807,-1780,-1672,-1783,-1750,-1530,-705,-1563,-1608,-6103,-6014,-1500,-8,-29968,-29968,-29965,-29969,-29966,-12757,-6075,-1376,-1253,-594,-694,0,-8,0,-8,-8,-126,-126,-29975,-29971,-29971,-29970,-29971,-29973,-29984,0,-29986,-29979,-29979,-29980,-29980,-29980,-29980,-29980,-29981,-29979,-29982,-29982,-29986,-29982]} 1. e4 c5 2. Nf3 d6 3. d4 cxd4 4. Nxd4 Nf6 5. Nc3 Bd7 6. f3 {B56: Classical Sicilian: Unusual Lines} e5 7. Nb3 Be7 8. Be3 {White is slightly better.} O-O 9. Nd5 $146 (9. Qd2 $14) ({Predecessor:} 9. Qd2 a5 10. a4 Na6 11. Bb5 Be6 12. Nd5 Bxd5 13. exd5 Nb4 {½-½ (37) Anand,V (2786)-Carlsen,M (2832) Stavanger 2017}) 9... Nxd5 $11 10. exd5 Bg5 11. Bxg5 Qxg5 12. Qd2 Qd8 13. Bd3 a5 14. a4 Qb6 15. Qf2 Qb4+ 16. Qd2 Na6 17. Bxa6 ({Better is} 17. Nxa5 $15 Qxb2 18. O-O) 17... Rxa6 $17 18. Qxb4 axb4 19. a5 Bb5 20. O-O-O (20. Kd2 $15) 20... Bc4 21. Rhe1 Rc8 {White must now prevent ...Bxb3.} 22. Kb1 Bxb3 $1 23. cxb3 Rxa5 $19 {[%mdl 4096] Endgame KRR-KRR} 24. Re4 Rb5 $1 25. Rc4 {[%cal Rc4c8]} Rcc5 26. f4 exf4 27. Rxf4 Rxd5 28. Rfd4 Rxd4 29. Rxd4 {KR-KR} d5 30. Kc2 Kf8 31. Kd3 Ke7 32. Rh4 (32. Rf4 $17) 32... h6 33. Kd4 Ke6 34. Rg4 g6 35. Rg3 Ra5 36. Re3+ Kd6 37. Rf3 Ke6 38. Re3+ Kd7 39. Rf3 Ke7 40. Re3+ (40. g4 $142) 40... Kf6 $1 41. Rf3+ {[#]} Kg7 $1 42. Rf2 g5 43. Rf1 Kg6 44. Rf2 h5 45. Ke5 Rc5 46. h3 {[#]} f5 $1 47. Ke6 (47. Rd2 {keeps fighting.}) (47. Rxf5 d4+) 47... f4 48. Kd6 b6 49. Ke5 Rc1 50. Re2 (50. h4 $142) 50... Rd1 51. Kd6 {If only White now had time for Re6+....} Rd3 52. Re6+ Kf7 53. Re7+ Kf8 54. Re2 Rxb3 55. Kxd5 Re3 56. Rc2 Ke7 57. Rc6 Rb3 58. Rg6 Rg3 59. Rxb6 (59. Re6+ $142 Kf7 60. Re2) 59... Rxg2 60. Rxb4 Kf6 (60... f3 $142 {Strongly threatening ...Rd2+.} 61. Rb7+ Kf6) 61. Ke4 Re2+ 62. Kf3 Re3+ 63. Kg2 Kf5 64. Rb5+ Re5 65. Rb8 g4 66. Rh8 Ke4 67. hxg4 hxg4 68. Rg8 Rb5 $2 (68... Ke3 $19 69. Rf8 Re4) 69. Re8+ $2 {[%mdl 8192]} (69. Rxg4 $11 Ke3 70. Rg8) 69... Kf5 70. Rf8+ {[#]} Ke5 $1 71. Re8+ Kd6 72. Re4 Rf5 (72... Rxb2+ $142 73. Kg1 Rb1+ 74. Kf2 g3+ 75. Kf3 Rf1+ 76. Kg2 Kd5) 73. Kf2 Kd5 (73... Rf8 $142 74. b3 Kd5) 74. Re8 {Now Rg8 and White clings on.} Re5 $2 (74... Rh5 $19 {Hoping for ...Rh2+.} 75. Rf8 Ke4 76. Re8+ Re5) 75. Rg8 $11 Ke4 {And now ...Rb5 would win.} 76. Rxg4 Rb5 77. Rh4 (77. Rg8 $11) 77... Rxb2+ $17 78. Kf1 $2 {[%mdl 8192]} (78. Kg1 $17) 78... Ke3 79. Rh8 Rb1+ 80. Kg2 f3+ 81. Kh2 Rb5 $2 (81... f2 {mates} 82. Re8+ Kd4 83. Rd8+ Ke5 84. Re8+ Kd6 85. Rf8 f1=Q 86. Rxf1 Rxf1 87. Kg3 Kd5 88. Kg4 Ke5 89. Kg3 Rf4 90. Kh3 Kf5 91. Kg3 Kg5 92. Kh2 Kh4 93. Kg2 Kg4 94. Kh1 Kg3 95. Kg1 Kh3 96. Kh1 Rf1#) 82. Rh3 $2 {[%mdl 8192]} (82. Ra8 $11) 82... Rg5 {Black mates.} 83. Rh8 Kf2 84. Rh7 Re5 85. Rh8 Re6 86. Rh7 Kf1 87. Kg3 f2 88. Rh2 Ke1 {Accuracy: White = 27%, Black = 71%.} 0-1

[Event "Dutch Open-ch 2019"]
[Site "Dieren"]
[Date "2019.07.25"]
[Round "3.15"]
[White "Tiwari, Ashwani"]
[Black "Grooten, Herman"]
[Result "0-1"]
[WhiteElo "2089"]
[BlackElo "2310"]
[Annotator "NA"]
[PlyCount "100"]
[EventDate "2019.07.23"]
[EventType "swiss"]
[EventCountry "NED"]
[SourceTitle "playchess.com"]
[Source "ChessBase"]
[SourceQuality "1"]
[TimeControl "40/5400+30:1800+30"]

1. e4 {[%emt 0:09:57]} e6 {[%emt 0:00:00]} 2. d3 {[%emt 0:00:19]} d5 {[%emt 0:00:00]} 3. Nd2 {[%emt 0:00:09]} c5 {[%emt 0:00:21]} 4. Ngf3 {[%emt 1:21:35]} Nc6 {[%emt 0:00:26]} 5. g3 {[%emt 0:00:00]} g6 {[%emt 0:00:46]} 6. Bg2 {[%emt 0:00:00]} Bg7 {[%emt 0:00:14]} 7. O-O {[%emt 0:00:00]} Nge7 {[%emt 0:00:11]} 8. Re1 {[%emt 0:00:00]} b6 {[%emt 0:01:37]} 9. e5 {[%emt 0:00:00]} Qc7 {[%emt 0:00:48]} 10. Qe2 {[%emt 0:00:00]} g5 {[%emt 0:04:33]} 11. Nxg5 {[%emt 0:00:00]} Qxe5 {[%emt 0:01:05]} 12. Qxe5 {[%emt 0:00:00]} Nxe5 {[%emt 0:02:09]} 13. Nc4 {[%emt 0:00:00]} Nxc4 {[%emt 0:17:26]} 14. dxc4 {[%emt 0:00:00]} Bb7 {[%emt 0:01:08]} 15. cxd5 {[%emt 0:00:00]} Bxd5 {[%emt 0:00:14]} 16. c3 {[%emt 0:00:00]} h6 {[%emt 0:09:43]} 17. Nh3 {[%emt 0:00:00]} Bxg2 {[%emt 0:00:54]} 18. Kxg2 {[%emt 0:00:00]} O-O-O {[%emt 0:00:36]} 19. Nf4 {[%emt 0:00:00]} h5 {[%emt 0:01:27]} 20. h4 {[%emt 0:00:00]} Nf5 {[%emt 0:02:21]} 21. Kf1 {[%emt 0:00:00]} Rd7 {[%emt 0:05:22]} 22. Ke2 {[%emt 0:00:11]} e5 {[%emt 0:06:09]} 23. Ng2 {[%emt 0:01:20]} Rhd8 {[%emt 0:04:19]} 24. Ne3 {[%emt 0:01:13]} Ne7 {[%emt 0:02:15]} 25. Rd1 {[%emt 0:00:28]} Rxd1 {[%emt 0:01:16]} 26. Nxd1 {[%emt 0:00:09]} Kb7 {[%emt 0:02:17]} 27. Bg5 {[%emt 0:01:10]} f6 {[%emt 0:00:11]} 28. Bd2 {[%emt 0:01:03]} e4 {[%emt 0:02:34]} 29. Ne3 {[%emt 0:01:18]} f5 {[%emt 0:05:44]} 30. Rd1 {[%emt 0:00:31]} Kc6 {[%emt 0:03:57]} 31. Ng2 {[%emt 0:00:49]} Ng6 {[%emt 0:04:12]} 32. Bg5 {[%emt 0:01:21]} Rxd1 {[%emt 0:00:43]} 33. Kxd1 {[%emt 0:00:04]} Kd5 {[%emt 0:00:24]} 34. a4 {[%emt 0:02:21]} Be5 {[%emt 0:02:22]} 35. Kc2 {[%emt 0:00:42]} a6 {[%emt 0:02:12]} 36. Ne3+ {[%emt 0:01:43]} Ke6 {[%emt 0:00:07]} 37. Nc4 {[%emt 0:01:30]} Bc7 {[%emt 0:02:16]} 38. b4 {[%emt 0:00:32]} cxb4 {[%emt 0:13:13]} 39. cxb4 {[%emt 0:00:06]} Ne5 {[%emt 0:00:38]} 40. Nxe5 {[%emt 0:00:56]} Bxe5 {[%emt 0:00:08]} 41. Be3 {[%emt 0:25:08]} b5 {[%emt 0:00:15]} 42. axb5 {[%emt 0:00:04]} axb5 {[%emt 0:00:04]} 43. Kd2 {[%emt 0:06:16]} Kd5 {[%emt 0:00:13]} 44. Ke2 {[%emt 0:00:29]} Bd6 {[%emt 0:08:11]} 45. Bd2 {[%emt 0:00:33]} Kd4 {[%emt 0:01:39]} 46. Be1 {[%emt 0:00:26]} Kc4 {[%emt 0:06:15]} 47. f3 {[%emt 0:00:17]} exf3+ {[%emt 0:01:27]} 48. Kxf3 {[%emt 0:00:39]} Bxb4 {[%emt 0:00:20]} 49. Bxb4 {[%emt 0:00:35]} Kxb4 {[%emt 0:00:04]} 50. Kf4 {[%emt 0:00:20]} Kc4 {[%emt 0:00:51]} 0-1

[Event "Dutch Open-ch 2019"]
[Site "Dieren"]
[Date "2019.07.25"]
[Round "3.16"]
[White "Shakhverdian, William"]
[Black "Sharma, Dinesh K."]
[Result "0-1"]
[WhiteElo "2001"]
[BlackElo "2299"]
[Annotator "NA"]
[PlyCount "100"]
[EventDate "2019.07.23"]
[EventType "swiss"]
[EventCountry "NED"]
[SourceTitle "playchess.com"]
[Source "ChessBase"]
[SourceQuality "1"]
[TimeControl "40/5400+30:1800+30"]

1. d4 {[%emt 0:00:00]} Nf6 {[%emt 0:12:26]} 2. Nf3 {[%emt 0:00:00]} d5 {[%emt 0:00:08]} 3. c4 {[%emt 0:00:00]} c6 {[%emt 0:00:15]} 4. Nc3 {[%emt 0:00:00]} dxc4 {[%emt 0:00:46]} 5. a4 {[%emt 0:00:05]} Bf5 {[%emt 0:00:04]} 6. Ne5 {[%emt 0:01:18]} Nbd7 {[%emt 0:00:16]} 7. Nxc4 {[%emt 0:00:07]} Qc7 {[%emt 0:00:09]} 8. g3 {[%emt 0:02:06]} e5 {[%emt 0:00:31]} 9. dxe5 {[%emt 0:06:25]} Nxe5 {[%emt 0:00:05]} 10. Bf4 {[%emt 0:03:34]} Nfd7 {[%emt 0:00:22]} 11. Bg2 {[%emt 0:02:24]} f6 {[%emt 0:00:23]} 12. O-O {[%emt 0:04:50]} g5 {[%emt 0:03:07]} 13. Bxe5 {[%emt 0:05:00]} Nxe5 {[%emt 0:00:33]} 14. Nxe5 {[%emt 0:01:54]} Qxe5 {[%emt 0:00:55]} 15. a5 {[%emt 0:00:35]} a6 {[%emt 0:07:53]} 16. Qa4 {[%emt 0:06:08]} Bd7 {[%emt 0:09:31]} 17. Rfd1 {[%emt 0:06:11]} Be7 {[%emt 0:19:52]} 18. Rd2 {[%emt 0:06:33]} O-O-O {[%emt 0:05:23]} 19. Rc1 {[%emt 0:07:35]} Kb8 {[%emt 0:05:52]} 20. Rcd1 {[%emt 0:08:57]} Bc8 {[%emt 0:04:46]} 21. Qb3 {[%emt 0:04:52]} Rxd2 {[%emt 0:04:12]} 22. Rxd2 {[%emt 0:00:07]} Be6 {[%emt 0:04:33]} 23. Qa4 {[%emt 0:01:04]} Rd8 {[%emt 0:02:02]} 24. Rxd8+ {[%emt 0:02:33]} Bxd8 {[%emt 0:00:22]} 25. Qa3 {[%emt 0:08:16]} Bxa5 {[%emt 0:06:29]} 26. Ne4 {[%emt 0:02:18]} Ka7 {[%emt 0:04:44]} 27. Nc5 {[%emt 0:09:36]} Bb6 {[%emt 0:01:13]} 28. Nxe6 {[%emt 0:02:44]} Qxe6 {[%emt 0:00:04]} 29. Qd3 {[%emt 0:00:46]} Qe5 {[%emt 0:02:48]} 30. e3 {[%emt 0:03:08]} Qxb2 {[%emt 0:02:15]} 31. Qxh7 {[%emt 0:00:10]} Qa1+ {[%emt 0:00:58]} 32. Bf1 {[%emt 0:00:04]} a5 {[%emt 0:00:07]} 33. Kg2 {[%emt 0:02:02]} Qb2 {[%emt 0:00:53]} 34. Qe4 {[%emt 0:05:38]} Bc5 {[%emt 0:00:47]} 35. h4 {[%emt 0:00:00]} gxh4 {[%emt 0:00:36]} 36. gxh4 {[%emt 0:00:00]} Qe5 {[%emt 0:00:38]} 37. Qa4 {[%emt 0:00:51]} Bb4 {[%emt 0:01:23]} 38. Qd1 {[%emt 0:00:27]} Qe4+ {[%emt 0:00:27]} 39. Kh3 {[%emt 0:00:05]} Qh1+ {[%emt 0:01:08]} 40. Kg3 {[%emt 0:00:56]} Qg1+ {[%emt 0:00:26]} 41. Kf3 {[%emt 0:30:09]} f5 {[%emt 0:08:07]} 42. Qd4+ {[%emt 0:00:00]} c5 {[%emt 0:00:37]} 43. Qc4 {[%emt 0:00:00]} a4 {[%emt 0:02:16]} 44. Bg2 {[%emt 0:00:00]} Qd1+ {[%emt 0:04:11]} 45. Kg3 {[%emt 0:00:00]} Qg4+ {[%emt 0:00:36]} 46. Qxg4 {[%emt 0:00:00]} fxg4 {[%emt 0:00:03]} 47. Kf4 {[%emt 0:00:00]} c4 {[%emt 0:01:14]} 48. h5 {[%emt 0:00:00]} a3 {[%emt 0:00:26]} 49. h6 {[%emt 0:00:00]} a2 {[%emt 0:00:14]} 50. h7 {[%emt 0:00:00]} a1=Q {[%emt 0:00:20]} 0-1

[Event "Dutch Open-ch 2019"]
[Site "Dieren"]
[Date "2019.07.25"]
[Round "3.17"]
[White "Tang, Charlie"]
[Black "Van Helvoort, Rob"]
[Result "0-1"]
[WhiteElo "2247"]
[BlackElo "2104"]
[Annotator "NA"]
[PlyCount "30"]
[EventDate "2019.07.23"]
[EventType "swiss"]
[EventCountry "NED"]
[SourceTitle "playchess.com"]
[Source "ChessBase"]
[SourceQuality "1"]
[TimeControl "40/5400+30:1800+30"]

1. e4 {[%emt 0:00:00]} g6 {[%emt 0:00:00]} 2. d4 {[%emt 0:00:00]} Bg7 {[%emt 0:00:00]} 3. Nc3 {[%emt 0:00:00]} d6 {[%emt 0:00:00]} 4. f4 {[%emt 0:00:02]} Nc6 {[%emt 0:00:00]} 5. Nf3 {[%emt 0:01:10]} Bg4 {[%emt 0:00:05]} 6. Be3 {[%emt 0:00:09]} Bxf3 {[%emt 0:00:07]} 7. gxf3 {[%emt 0:00:07]} e6 {[%emt 0:00:06]} 8. Qd2 {[%emt 0:05:52]} d5 {[%emt 0:00:33]} 9. O-O-O {[%emt 0:00:49]} Nge7 {[%emt 0:00:12]} 10. Bh3 {[%emt 0:05:16]} Qd7 {[%emt 0:02:28]} 11. Ne2 {[%emt 1:22:05]} f5 {[%emt 0:08:44]} 12. e5 {[%emt 0:00:00]} b5 {[%emt 0:12:12]} 13. Kb1 {[%emt 0:00:00]} Nc8 {[%emt 0:03:14]} 14. Nc1 {[%emt 0:00:00]} Nb6 {[%emt 0:00:35]} 15. Bf1 {[%emt 0:00:00]} Nc4 {[%emt 1:09:14]} 0-1